Once Upon a Time Characters (Slideshow) Quiz Stats

Quiz not verified by Sporcle

Also try: TV Shows 1-4/A-Z
Challenge
Share
Tweet
Score 0/55 Timer 10:00
0 Plays Today
% Correct
Emma Swan
99.4%
Henry Mills
98.1%
Regina Mills
96%
Prince Charming
95.4%
Rumplestiltskin
94.6%
Captain Hook
92.3%
Archie Hopper
92.2%
Belle
92.1%
Grumpy
91.3%
Neal Cassidy
90.9%
Blue Fairy
90.4%
Snow White
89.4%
Ruby
89.4%
Cora
87.9%
Peter Pan
87.5%
Mad Hatter
86.9%
Robin Hood
86.9%
Ariel
86.8%
Sidney Glass
86.6%
Mulan
86.3%
Dr. Whale
85.7%
Pinocchio
85.1%
Anna
84.2%
Elsa
83.7%
Princess Aurora
83.3%
Wendy Darling
83.2%
Zelena
82.2%
Geppetto
81.3%
% Correct
Sheriff Graham
81%
Cruella De Vil
79.6%
Tinkerbell
77.9%
Merida
76.7%
Maleficent
76.5%
Princess Abigail
76.4%
Mr. Smee
75.7%
Kristoff
74.7%
Ingrid
74.4%
Anton the Giant
73%
Hans
73%
Tamara
70.2%
King Arthur
69.8%
Marian
67.3%
Prince Philip
67.2%
Hades
67%
Greg Mendell
67%
Isaac Heller
64.9%
Blackbeard
64.3%
Ursula
62.6%
Lily
62.1%
The Apprentice
60.2%
Mr. Hyde
55%
Will Scarlet
53.2%
Merlin
52.5%
Nimue
47.2%
Violet
29%

You're not logged in!

Compare scores with friends on all Sporcle quizzes.
Sign Up with Email
OR
Log In

You Might Also Like...

Show Comments

Extras

Top Quizzes Today


Score Distribution

Your Account Isn't Verified!

In order to create a playlist on Sporcle, you need to verify the email address you used during registration. Go to your Sporcle Settings to finish the process.

Report this User

Report this user for behavior that violates our Community Guidelines.

Details: